000 00368cam a2200145ua 4500
003 OSt
008 240119b |||||||| |||| 00| 0 eng d
041 _aeng
082 _a620.101
_bSAD/EN
100 _aSadhu, Singh .
_95755
245 _aEngineering mechanics /
260 _aNew Delhi :
_bOxford & IBH Publishing company ,
_c1983.
300 _a473 ; .
942 _cBK
999 _c9856
_d9856